dwie litery alfabetu - Statystyki

Ogólne statystyki
  • Ten quiz został rozwiązany 68 razy
  • Średni wynik to 11 z 12
Statystyki odpowiedzi
odpowiedź % Poprawnych
ab
98%
cd
95%
ef
92%
gh
92%
ij
92%
kl
92%
mn
92%
op
92%
rs
92%
tu
90%
z
87%
wy
80%
Nie znaleziono quizów pasujących do podanych kryteriów
Rozkład punktacji
Procent ludzi z każdym wynikiem
Percentyl według liczby udzielonych odpowiedzi
Twoja historia wyników
Nie rozwiązałeś tego quizu